|
|
|
|
| LEADER |
00999nam a22002177a 4500 |
| 001 |
AAL7494 |
| 003 |
BD-DhAAL |
| 005 |
20160206192959.0 |
| 008 |
160206s 2010bg ||||| |||| 00| 0 ben d |
| 040 |
|
|
|a BD-DhAAL
|c BD-DhAAL
|
| 082 |
|
|
|a 891.441
|
| 100 |
|
|
|a ঠাকুর, রবীন্দ্রনাথ
|9 17758
|
| 245 |
|
|
|a সঞ্চয়িতা /
|c রবীন্দ্রনাথ ঠাকুর
|
| 260 |
|
|
|a ঢাকা :
|b সুচয়নী পাবলিশার্স,
|c ২০১০.
|
| 300 |
|
|
|a ৫৫৫ পৃ. ;
|c ২২ সে.মি.
|
| 541 |
|
|
|e 7494
|
| 650 |
|
|
|a Bengali poetry.
|9 17759
|
| 942 |
|
|
|2 ddc
|c BK
|
| 999 |
|
|
|c 36779
|d 36779
|
| 952 |
|
|
|0 0
|1 0
|2 ddc
|4 0
|6 891_441000000000000_TAG
|7 0
|9 57876
|a SCL
|b SCL
|c GEN
|d 2016-02-06
|g 250.00
|l 5
|m 17
|o 891.441 TAG
|p 3020007494
|r 2020-10-04
|s 2020-08-11
|t 1
|w 2016-02-06
|y BK
|
| 952 |
|
|
|0 0
|1 0
|2 ddc
|4 0
|6 891_441000000000000_TAG
|7 0
|9 58099
|a SCL
|b SCL
|c GEN
|d 2016-02-22
|g 0.00
|l 7
|m 6
|o 891.441 TAG
|p 3020008338
|r 2019-06-27
|s 2019-05-16
|t 2
|w 2016-02-22
|y BK
|